000 00677nam a22002177a 4500
003 UA-OsUOA
001 37094
007 ta
008 20060223b un ||||| |||| 00| 0 ukr d
100 _aСюндюков І.
090 _a94(477)
_bС11
942 _cSA
040 _aUA-OsUOA
_bukr
_cUA-OsUOA
_dUA-OsUOA
245 _a"З одчаєм, люттю і сміхом..." "Відродження нації" Володимира Винниченка: прозріння та ілюзії
300 _aС.7
955 _a0
041 _aukr
080 _a94(477)
773 0 _w37092
650 7 _a9 Географія. Біографії. Історія
_2UDC
999 _c323317
_d323317